| 000 | 00471nam a22001697a 4500 | ||
|---|---|---|---|
| 999 |
_c40549 _d40549 |
||
| 003 | OSt | ||
| 005 | 20201224113714.0 | ||
| 008 | 191010b ||||| |||| 00| 0 eng d | ||
| 020 | _a9788188582662 | ||
| 040 | _coclc | ||
| 082 |
_a910 _bSAT/K |
||
| 100 |
_aSatchidanandan, K _96203 |
||
| 245 |
_aKizhakkum Padinjarum / _cK Satchidanandan |
||
| 260 |
_aThrissur: _bGreen Books, _c2013. |
||
| 300 | _a160p | ||
| 942 |
_2ddc _cBK _h910 _iSAT/K _k910 _mSAT/K |
||